Statistiken für Deutsche Tode nach Zeitpunkt und Ursache

Klicken Sie hier um das Quiz zu spielen!

Allgemein

  • Dieses Quiz wurde 149 mal gespielt
  • Das Durchschnittsergebnis liegt bei 7 aus 16

Antwortstatistiken

JahrWoWieAntwort% Korrekt
1886Starnberger SeeErtrunkenLudwig II.
74%
1977? (gefunden in Mülhausen)Ermordung durch RAF-TerroristenHanns-Martin Schleyer
64%
1805WeimarLungenentzündungFriedrich Schiller
60%
1946NürnbergSelbstmordHermann Göring
59%
2003MarlFallschirmsprungJürgen Möllemann
57%
2019KasselDurch einen Neonazi ermordetWalter Lübcke
55%
1967West-BerlinVon einem Polizisten erschossenBenno Ohnesorg
54%
1190heutige TürkeiIn einem Fluss ertrunkenFriedrich II. Barbarossa
51%
2016KölnLeukämieGuido Westerwelle
48%
1962Ramla bei Tel AvivHinrichtungAdolf Eichmann
47%
1982ParisHerzstillstandRomy Schneider
45%
1634EgerAuf kaiserlichen Befehl ermordetAlbrecht von Wallenstein
37%
1979ÅrhusIm Bad ertrunkenRudi Dutschke
30%
1988RegensburgMultiorganversagenFranz-Josef Strauß
23%
1811BerlinDoppelselbstmordHeinrich von Kleist
14%
1922Berlin-GrunewaldVon Rechtsradikalen ermordetWalter Rathenau
14%

Verteilung der Resultate

Perzentil nach korrekt beantworteten Fragen

Anzahl Personen mit jedem Resultat

Ihre Resultats-Entwicklung

Sie haben dieses Quiz noch nicht gespielt